University Home | Library Home | Institutional Repository

Explanation of human behaviour. (Record no. 146588)

MARC details
000 -LEADER
fixed length control field 00636cam4a220021700 4500
001 - CONTROL NUMBER
control field tmp15386812
003 - CONTROL NUMBER IDENTIFIER
control field UPRA
005 - DATE AND TIME OF LATEST TRANSACTION
control field 20190823101136.0
008 - FIXED-LENGTH DATA ELEMENTS--GENERAL INFORMATION
fixed length control field 950801s1960 enk eng u
035 ## - SYSTEM CONTROL NUMBER
System control number (Sirsi) r99474
035 ## - SYSTEM CONTROL NUMBER
System control number (UPRA)tmp15386812
040 ## - CATALOGING SOURCE
Transcribing agency UPRA
100 1# - MAIN ENTRY--PERSONAL NAME
Personal name Smith, F. V. (Frederick Viggers)
Fuller form of name Smith, F. V. (Frederick Viggers)
Linkage A57939.1
245 10 - TITLE STATEMENT
Title Explanation of human behaviour.
250 ## - EDITION STATEMENT
Edition statement 2nd ed.
260 ## - PUBLICATION, DISTRIBUTION, ETC.
Place of publication, distribution, etc. London :
Name of publisher, distributor, etc. Constable,
Date of publication, distribution, etc. [1960]
504 ## - BIBLIOGRAPHY, ETC. NOTE
Bibliography, etc. note Includes bibliographies.
650 #0 - SUBJECT ADDED ENTRY--TOPICAL TERM
Topical term or geographic name entry element Psychology.
Linkage S698.1
949 ## - LOCAL PROCESSING INFORMATION (OCLC)
a BF121
w lcc
i 33729000396742
m MAIN
t BOOK
l ON-SHELF

No items available.

© 2026 - The University of Zambia Library - Koha v25.11